000 00873nam a2200205Ia 4500
999 _c38428
_d38428
001 4439
003 GE_BSU
005 20190510204951.0
008 181216s1998||||ge |||||||||||||| ||geo||
020 _a9992828668
040 _cGE_BSU
041 _ageo
080 _a87"374.822(038)=111=353.1 ი–54
245 _aინგლისურ – ქართული ლექსიკონი = English-Georgian Dictionary /
_cშემდგ . თამარ და ისიდორე , გვარჯალაძეები
264 _aთბილისი .:
_bსაქ. მაცნე,
_c1998.
300 _a527 გვ .;
_c21 სმ.
653 _aინგლისურ–ქართული ლექსიკონი
700 _aგვარჯალაძე , ისიდორე
_eშემდგენელი
_91043
942 _cBK
_2udc